000 00871cam a2200289 i 4500
001 49169
003 Mx-PuUPA
005 20220830142511.0
008 140415s2003 sp a r 000 0 spa d
017 _aM-15.904-2003
020 _a844920321X
040 _aMX-PuUPA
_bspa
_erda
_cMx-PuUPA
_dMx-PuUPA
041 0 _aspa
100 1 _aHurtado, Alfonso,
_eautor
_95526
245 1 0 _aJ. María Morelos /
_cAlfonso Hurtado.
264 1 _aMadrid :
_bDastin,
_c2003
300 _a197 páginas :
_bilustraciones ;
_c22 cm.
336 _atexto
_2rdacontent
_btxt
337 _asin medio
_2rdamedia
_bn
338 _avolumen
_2rdacarrier
_bnc
490 0 _aGrandes Mexicanos Ilustres
600 1 4 _aMorelos y Pavón, José María, 1765
651 4 _aMéxico
_xHistoria
942 _2ddc
_cLI
_h972.03
_iH955
999 _c49169
_d49169